000 00264nam a22001217a 4500
008 171222b xxu||||| |||| 00| 0 eng d
041 _aeng
080 _a617
100 _a8
101 _aOFT
245 _aON THE SHOULDERS OF GIANTS
_cMILDER,B
942 _2udc
_cBK
999 _c39333
_d39333